Statistics for Hearts of Iron IV: Military Leaders

Click here to take the quiz!

General Stats

  • This quiz has been taken 98 times
  • The average score is 25 of 203

Answer Stats

NationRankName% Correct
German ReichGeneralErwin Rommel
87%
Soviet UnionGeneralGeorgy Zhukov
72%
United StatesField MarshalDwight D. Eisenhower
70%
United KingdomField MarshalBernard Montgomery
67%
United StatesField MarshalDouglas MacArthur
67%
FranceGeneralCharles De Gaulle
62%
United StatesGeneralGeorge S. Patton
62%
German ReichGeneralErich von Manstein
58%
German ReichGeneralHeinz Guderian
52%
JapanAdmiralIsoroku Yamamoto
42%
German ReichField MarshalGerd von Rundstedt
36%
German ReichAdmiralKarl Donitz
35%
ItalyGeneralGiovanni Messe
33%
German ReichField MarshalWalter Model
32%
United StatesAdmiralChester W. Nimitz
30%
Soviet UnionGeneralIvan Konev
30%
Soviet UnionGeneralKonstantin Rokossovsky
30%
German ReichAdmiralErich Raeder
29%
German ReichGeneralFedor von Bock
29%
German ReichGeneralAlbert Kesselring
26%
German ReichField MarshalGunther von Kluge
26%
ItalyField MarshalRodolfo Graziani
26%
ItalyGeneralItalo Balbo
23%
Soviet UnionField MarshalMikhail Tukhachevsky
23%
United KingdomGeneralAlan Cunningham
22%
United KingdomAdmiralAndrew Cunningham
22%
United KingdomGeneralClaude Auchinleck
22%
German ReichGeneralFriedrich Paulus
22%
United KingdomAdmiralJohn Cunningham
22%
United StatesGeneralOmar Bradley
22%
United KingdomGeneralHarold Alexander
20%
FranceField MarshalMaxime Weygand
20%
German ReichGeneralHermann Hoth
19%
FranceField MarshalMaurice Gamelin
19%
ItalyField MarshalPietro Badoglio
19%
German ReichGeneralSepp Dietrich
19%
German ReichGeneralWilhelm Ritter von Leeb
19%
United StatesAdmiralWilliam Halsey, Jr.
19%
United KingdomField MarshalAlan Brooke
17%
German ReichGeneralErwin von Witzleben
17%
FranceGeneralPhillipe Leclerc
17%
United StatesAdmiralErnest King
16%
German ReichGeneralHasso von Manteuffel
16%
German ReichGeneralKurt Student
16%
United StatesGeneralMark Clark
16%
JapanGeneralTomoyuki Yamashita
16%
German ReichAdmiralWilhelm Marschall
16%
United KingdomGeneralMiles Dempsey
14%
Soviet UnionGeneralSemyon Timoshenko
14%
German ReichGeneralErnst-Eberhard Hell
13%
FranceAdmiralFrancois Darlan
13%
FranceGeneralJean de Lattre de Tassigny
13%
Soviet UnionGeneralVasily Chuikov
13%
German ReichGeneralAlfred Jodl
12%
German ReichGeneralEwald von Kleist
12%
FranceGeneralHenri Giraud
12%
United KingdomGeneralMerton Beckwick-Smith
12%
German ReichGeneralPaul Hausser
12%
German ReichGeneralWilhelm List
12%
United KingdomGeneralWilliam Slim
12%
FranceGeneralAlphonse Juin
10%
Soviet UnionGeneralAndrey Vlasov
10%
United KingdomGeneralArchibald Wavell
10%
German ReichGeneralGotthard Heinrici
10%
German ReichGeneralJohannes Blaskowitz
10%
German ReichGeneralMaximilian von Weichs
10%
Soviet UnionField MarshalSemyon Budyonny
10%
ItalyGeneralUbaldo Soddu
10%
ItalyAdmiralAlberto de Zara
9%
Soviet UnionGeneralAleksandr Vasilevsky
9%
German ReichAdmiralAlfred Saalwachter
9%
United KingdomGeneralBrian Horrocks
9%
ItalyField MarshalEmilio de Bono
9%
United StatesAdmiralFrank Jack Fletcher
9%
German ReichAdmiralGunther Lutjens
9%
United KingdomGeneralHenry Wilson
9%
United KingdomAdmiralJames Fownes Somerville
9%
JapanAdmiralJisaburo Ozawa
9%
Soviet UnionField MarshalKliment Voroshilov
9%
Soviet UnionGeneralLeonid Govorov
9%
Soviet UnionGeneralNikolai Vatutin
9%
United StatesAdmiralRaymond A. Spruance
9%
Soviet UnionGeneralRodion Malinovsky
9%
ItalyGeneralSebastiano Visconti Prasca
9%
JapanGeneralShizuichi Tanaka
9%
ItalyGeneralUgo Cavallero
9%
JapanGeneralAkira Muto
7%
United StatesGeneralAlexander Patch
7%
United KingdomAdmiralAlgernon Willis
7%
FranceField MarshalAlphonse Georges
7%
Soviet UnionGeneralBoris Shaposhnikov
7%
United KingdomAdmiralCharles Forbes
7%
German ReichGeneralGeorg-Hans Reinhardt
7%
Soviet UnionField MarshalGrigory Kulik
7%
JapanField MarshalHisaichi Terauchi
7%
JapanGeneralHitoshi Imamura
7%
FranceAdmiralJean-Marie Charles Abrial
7%
FranceAdmiralJean-Pierre Esteva
7%
United KingdomGeneralJock Campbell
7%
United KingdomAdmiralJohn Tovey
7%
United KingdomGeneralJohn Vereker Lord Gort
7%
JapanAdmiralMineichi Koga
7%
United KingdomGeneralNeil Ritchie
7%
JapanGeneralNoboyushi Muto
7%
United KingdomGeneralOliver Leese
7%
United KingdomGeneralRichard O'Connor
7%
United StatesGeneralWalter Krueger
7%
German ReichGeneralWalter Kruger
7%
United KingdomGeneralWilliam Gott
7%
United StatesGeneralWilliam Simpson
7%
Soviet UnionGeneralAlexander Gorbatov
6%
Soviet UnionGeneralAndrei Grechko
6%
Soviet UnionGeneralAndrey Yeryomenko
6%
ItalyAdmiralAngelo Iachino
6%
United StatesAdmiralArleigh Burke
6%
United KingdomGeneralArthur Percival
6%
United KingdomAdmiralArthur Power
6%
United KingdomAdmiralBernard Rawlings
6%
United KingdomAdmiralBruce Fraser
6%
ItalyAdmiralCarlo Bergamini
6%
FranceGeneralCharles Huntzinger
6%
United StatesGeneralCourtney Hodges
6%
Soviet UnionGeneralFilipp Golikov
6%
German ReichGeneralFriedrich Schulz
6%
JapanAdmiralGengo Hyakutake
6%
United KingdomGeneralGeorge Giffard
6%
ItalyAdmiralGiuseppe Fioravanzo
6%
JapanGeneralHarukichi Hyakutake
6%
JapanGeneralHatazo Adachi
6%
United KingdomGeneralHenry Pownall
6%
German ReichAdmiralHermann Boehm
6%
JapanAdmiralHiroaki Abe
6%
ItalyAdmiralInigo Campioni
6%
Soviet UnionGeneralIvan Chernyakhovsky
6%
JapanGeneralIwane Matsui
6%
United KingdomGeneralJackie Smyth
6%
FranceAdmiralJean de Laborde
6%
JapanGeneralJo Iimura
6%
JapanGeneralKanji Ishiwara
6%
JapanGeneralKenji Doihara
6%
JapanGeneralKenkichi Ueda
6%
Soviet UnionGeneralKirill Meretskov
6%
Soviet UnionGeneralKirill Moskalenko
6%
JapanAdmiralKiyoshi Hasegawa
6%
JapanGeneralKuniaki Koiso
6%
United StatesGeneralLloyd Fredendall
6%
JapanGeneralMasahura Homma
6%
Soviet UnionGeneralNikandr Chibisov
6%
JapanAdmiralNobutake Kondo
6%
United StatesGeneralOscar Griswold
6%
JapanGeneralOtozo Yamada
6%
FranceAdmiralRene-Emile Godfroy
6%
JapanGeneralRikichi Ando
6%
JapanGeneralSadao Araki
6%
JapanGeneralSeishiro Itagaki
6%
JapanGeneralShigeru Honjo
6%
JapanAdmiralShigeyoshi Inoue
6%
JapanField MarshalShunroko Hata
6%
JapanAdmiralSoemu Toyoda
6%
JapanAdmiralTadashye Daigo
6%
JapanGeneralTakashi Sakai
6%
United KingdomGeneralThomas Jacob Hutton
6%
JapanGeneralToshizo Nishio
6%
Soviet UnionGeneralVasily Kuznetsov
6%
United KingdomGeneralWilliam Platt
6%
JapanGeneralYasuji Okamura
6%
JapanGeneralYoshijuro Umezu
6%
JapanAdmiralZengo Yoshida
6%
Soviet UnionAdmiralArseniy Golovko
4%
United StatesAdmiralCharles M. Cooke, Jr.
4%
United StatesGeneralClarence Huebner
4%
Soviet UnionGeneralDmitry Lelyushenko
4%
United StatesGeneralEdward Brooks
4%
United StatesGeneralGeoffrey Keyes
4%
Soviet UnionGeneralGeorgiy Zakharov
4%
Soviet UnionAdmiralGordey Levchenko
4%
United StatesAdmiralHarold Rainsford Stark
4%
Soviet UnionGeneralIssa Pliyev
4%
Soviet UnionGeneralIvan Fedyuninsky
4%
United StatesGeneralJ. Lawton Collins
4%
United StatesGeneralJonathan Wainwright
4%
United StatesGeneralJoseph Stillwell
4%
JapanGeneralKeisuke Fujie
4%
Soviet UnionGeneralKuzma Galitsky
4%
United StatesGeneralLeonard Gerow
4%
United StatesGeneralLeslie McNair
4%
United StatesGeneralLucian Truscott
4%
Soviet UnionGeneralMaksim Purkayev
4%
Soviet UnionGeneralMarkian Popov
4%
JapanGeneralMasatane Kanda
4%
United StatesGeneralMaurice Rose
4%
Soviet UnionGeneralMax Reyter
4%
JapanGeneralNaruhiko Higashikuni
4%
Soviet UnionGeneralNikolai Berzarin
4%
United StatesGeneralRussell Hartle
4%
Soviet UnionAdmiralSergey Gorshkov
4%
Soviet UnionAdmiralVladimir Kasatonov
4%
Soviet UnionGeneralYakov Cherevichenko
4%
Soviet UnionAdmiralFilipp Oktyabrskiy
3%
JapanGeneralKiichiro Higuchi
3%
United KingdomAdmiralHenry Harewood
1%
German ReichGeneralGeorg von Klucher
0%
JapanAdmiralTakeo Tokagi
0%

Score Distribution

Percentile by Number Answered

Percent of People with Each Score

Your Score History

You have not taken this quiz